| 000 | 01548nam a2200397 a 4500 | ||
|---|---|---|---|
| 001 | 013293 | ||
| 003 | DO-SdBNP | ||
| 005 | 20180309123404.0 | ||
| 006 | 013293 | ||
| 008 | 091123s2008 dr a 000 0 spa d | ||
| 020 | _a9789945111842 | ||
| 040 |
_aBPMSU _bspa _cBPMSU |
||
| 049 | _a | ||
| 082 | 0 | 4 |
_a372.6561 _bI37e 1ro. 2008 |
| 100 | _aInchástegui, María Isabel | ||
| 245 | 1 | 0 |
_aEspañol 1 : _b[básica] / _cMaría Isabel Incháustegui ; dirección editorial Obdulia García de Escobar ; ilustraciones Ruddy Núñez. |
| 246 | 1 | 3 | _aEspañol 1 : guía básica |
| 260 |
_aSanto Domingo : _bSantillana, _c2008. |
||
| 300 |
_a199 p. : _bil. ; _c29 cm. |
||
| 490 | 1 | _aCoral | |
| 500 | _aLa biblioteca posee Guía | ||
| 500 | _aGuía español 1 de básica | ||
| 505 |
_t El patito feo -- _tEl sapo saltarín -- _tLos tres cerditos -- _tEl soldadito de plomo -- _tAladino y la lámpara -- _tPulgarcita -- _tEl lobo y la Cigueña-- _tLos los ciete cabritos -- _tLas habichuelas mágicas -- _tEl satrecitos valiente. |
||
| 650 | 4 |
_aESPAÑOL _xENSEÑANZA BÁSICA |
|
| 650 | 4 |
_aESPAÑOL _xEDUCACIÓN BÁSICA |
|
| 650 | 4 |
_aESPAÑOL _xLIBROS DE TEXTOS |
|
| 650 | 4 |
_aESPAÑOL _xESTUDIO Y EJERCICIOS |
|
| 650 | 4 |
_aEDUCACIÓN BÁSICA _zREPÚBLICA DOMINICANA |
|
| 700 | 1 |
_aGarcía Escobar, Obdulia de, _eed. |
|
| 700 | 1 |
_aNúñez, Ruddy, _eil. |
|
| 830 | 0 | _aCoral | |
| 910 | _aValidado. Control de calidad MFF | ||
| 942 |
_2ddc _cBK |
||
| 945 | _a Remanejado para la BNPHU / 2018 VM | ||
| 956 |
_aVMATEO _b10 _c20160510 _lBPMSU _h0069 |
||
| 999 |
_c10055 _d10055 |
||